LEADER 01608nas a2200265 i 4500 001 000000002041 003 CaOOAMICUS 005 20211108151724.0 008 180830d19891993vc zx p u0 0mul r 022 $a1818-5258 040 $aSeMil$bita 245 00$aBulletin /$cPontificium Consilium pro Dialogo inter Religiones. 260 $aCittą del Vaticano :$bTipografia Poliglotta Vaticana,$c1989-1993. 362 0 $a1989-1993 500 $aConsistenza: 24 (1989) - 28 (1993) 510 4 $aCod. rivista ACNP:$cP 00239981 710 0 $aSanta Sede : Pontificio Consiglio per il Dialogo Interreligioso.$0(OLS)http://semarc/name/1801 780 00$tBulletin.$x1818-524X$w()2042 785 00$tPro Dialogo.$dCittą del Vaticano : [s.n.], 1994-$x1026-1443$w()2634 850 $aSeMil 852 $aSeMil$W1$xVenegono$y1$pCliccare per visualizzare collocazione e posseduto cumulativo

Cliccare per visualizzare eventuali spogli (alla eventuale voce ?Indici? in fondo di pagina)$B239464$CSeMilBibl$Z2$F239464 $85 996 $6022$a1818-5258$9(OLS)http://semarc/number/294502 996 $6245$aBulletin$9(OLS)http://semarc/title/3378 996 $6260$aCittą del Vaticano :$bTipografia Poliglotta Vaticana$9(OLS)http://semarc/publisher/30105 LEADER 00843nam a2200205 i 4500 001 000000206318 003 CaOOAMICUS 005 20110929000000.0 008 110929s1937 it u000 u ita u 013 $a185082 040 $aSeMil$bita 100 1 $aMortari, Curio.$0(OLS)http://semarc/name/74189 245 10$aCon gli Insorti in Marocco e Spagna /$cCurio Mortari. 260 $aMilano :$bFratelli Treves,$c1937. 300 $a266 p., [16] p. di tav. :$bill. ;$c23 cm. 650 4$aGuerra civile spagnola <1936-1939> - Diari e memorie.$0(OLS)http://semarc/subject/38761 850 $aSeMil 852 $aSeMil$W1$xVenegono$y1$m3U IV 50$j156801$B156801$CSeMilBibl$Z2$F168045 $81 996 $6245$aCon gli Insorti in Marocco e Spagna$9(OLS)http://semarc/title/298462 996 $6260$aMilano :$bFratelli Treves$9(OLS)http://semarc/publisher/30212